Forest concession policies and revenue systems : Country experience and policy changes for sustainable tropical forestry

में बचाया:
ग्रंथसूची विवरण
मुख्य लेखक: Gray, John A.
स्वरूप: पुस्तक
भाषा:Undetermined
प्रकाशित: Washington, D. C. The World Bank 2002
विषय:
टैग : टैग जोड़ें
कोई टैग नहीं, इस रिकॉर्ड को टैग करने वाले पहले व्यक्ति बनें!
Thư viện lưu trữ: Trung tâm Học liệu Trường Đại học Cần Thơ
LEADER 00583nam a2200193Ia 4500
001 CTU_61739
008 210402s9999 xx 000 0 und d
082 |a 333.75 
082 |b G778 
100 |a Gray, John A. 
245 0 |a Forest concession policies and revenue systems : 
245 0 |b Country experience and policy changes for sustainable tropical forestry 
245 0 |c John A. Gray 
260 |a Washington, D. C. 
260 |b The World Bank 
260 |c 2002 
650 |a Forest policy 
904 |i Minh,Hải 
980 |a Trung tâm Học liệu Trường Đại học Cần Thơ